000 00459nam a2200169Ia 4500
003 GCL
008 140319s9999 xx 000 0 eng d
040 _aGCL /
_cGCL
082 0 4 _a336.2
_bK T
100 1 _aKIDSONS, IMPEY
245 1 0 _aTAX FACTS: A QUICK AND EASY GUIDE TO YOUR BUSINESS AND PERSONAL TAX MATTERS /
_cKIDSONS, IMPEY
260 _a[S.N] :
_bKOGAN PAGE ،
_c1993
300 _a161 P
650 0 4 _aBUSINESS
650 0 4 _aTAX
942 _2ddc
_cBK
999 _c21375
_d21375